21 Savage Albums - Statistics

General Stats
  • This quiz has been taken 57 times
    10 since last reset
  • The average score is 4 of 5
Answer Stats
Release Date Answer % Correct
December 21, 2018 I Am > I Was
100%
January 9, 2024 American Dream
88%
July 7, 2017 Issa Album
75%
December 12, 2025 What Happened To The Streets?
75%
November 13, 2022 Her Loss
63%
No matching quizzes found
Score Distribution
Percent of People with Each Score
Percentile by Number Answered
Your Score History
You have not taken this quiz since the last reset